Statistics for US Cities That Start With O

Click here to take the quiz!

General Stats

  • This quiz has been taken 1,408 times
  • The average score is 29 of 123

Answer Stats

2010 PopulationUS city% Correct
579,999Oklahoma City, OK
73%
7,291Orland, CA
73%
408.958Omaha, NE
69%
238,300Orlando, FL
68%
390,724Oakland, CA
66%
12,754Oakland, NJ
66%
6,623Oakland, TN
66%
136,416Orange, CA
52%
7,839Orange, MA
52%
18,595Orange, TX
52%
163,924Ontario, CA
50%
6,225Ontario, OH
50%
11,366Ontario, OR
50%
16,062Overland, MO
47%
20,291Oregon, OH
45%
9,231Oregon, WI
45%
5,300Odessa, MO
43%
99,940Odessa, TX
43%
82,825Ogden, UT
43%
197,899Oxnard, CA
43%
173,372Overland Park, KS
42%
66,083Oshkosh, WI
39%
88,328Orem, UT
38%
21,348Oxford, AL
38%
13,709Oxford, MA
38%
18,916Oxford, MS
38%
8,461Oxford, NC
38%
21,371Oxford, OH
38%
5,077Oxford, PA
38%
167,086Oceanside, CA
35%
125,872Olathe, KS
34%
46,478Olympia, WA
33%
31,859Oregon City, OR
32%
18,768Ottawa, IL
31%
12,649Ottawa, KS
31%
56,315Ocala, FL
30%
57,265Owensboro, KY
29%
5,890Orleans, MA
28%
35,432Oakley, CA
26%
51,878Oak Park, IL
25%
29,319Oak Park, MI
25%
7,102Ocean City, MD
25%
11,701Ocean City, NJ
25%
20,675Oakdale, CA
23%
7,780Oakdale, LA
23%
27,378Oakdale, MN
23%
28,281O'Fallon, IL
22%
79,329O'Fallon, MO
22%
30,355Oswego, IL
21%
18,142Oswego, NY
21%
11,393Oneida, NY
20%
10,599Orange City, FL
20%
6,004Orange City, IA
20%
6,185Oak Ridge, NC
19%
29,330Oak Ridge, TN
19%
8,286Oberlin, OH
19%
56,767Orland Park, IL
19%
15,546Oroville, CA
19%
7,489Oak Grove, KY
18%
8,031Oak Grove, MN
18%
7,795Oak Grove, MO
18%
56,690Oak Lawn, IL
18%
14,907Ozark, AL
18%
17,820Ozark, MO
18%
7,730Oak Hill, WV
17%
9,202Oakwood, OH
17%
10,557Oil City, PA
17%
7,840Old Town, ME
17%
8,380Orrville, OH
16%
13,964Orangeburg, SC
15%
6,303Oakmont, PA
14%
25,023Ottumwa, IA
14%
7,461Ojai, CA
13%
14,452Olean, NY
13%
5,441Orange Beach, AL
13%
8,412Orange Park, FL
13%
25,060Ossining, NY
13%
22,075Oak Harbor, WA
12%
41,363Oakland Park, FL
12%
6,567Oneonta, AL
12%
13,901Oneonta, NY
12%
33,342Oviedo, FL
12%
7,883Oak Brook, IL
11%
34,451Oak Creek, WI
11%
15,759Oconomowoc, WI
11%
5,621Okeechobee, FL
11%
6,659Opp, AL
11%
17,643Orinda, CA
11%
7,437Orono, MN
11%
7,757Osceola, AR
11%
11,128Ogdensburg, NY
10%
33,484Olive Branch, MS
10%
26,477Opelika, AL
10%
41,011Oro Valley, AZ
10%
7,364Othello, WA
10%
13,571Otsego, MN
10%
27,962Oak Forest, IL
9%
35,579Ocoee, FL
9%
28,915Owasso, OK
9%
15,194Owosso, MI
9%
5,569Ocean Shores, WA
8%
9,115Olney, IL
8%
17,736Onalaska, WI
8%
9,078Orange Cove, CA
8%
38,137Ormond Beach, FL
8%
11,463Oskaloosa, IA
8%
25,599Owatonna, MN
8%
6,783Oak Island, NC
7%
17,442Ocean Springs, MS
7%
12,321Okmulgee, OK
7%
13,591Oldsmar, FL
7%
15,219Opa-locka, FL
7%
16,634Opelousas, LA
7%
7,737Olivette, MO
6%
9,024Olmsted Falls, OH
6%
7,149Orland Hills, IL
6%
5,832Oceanport, NJ
5%
6,415Oelwein, IA
5%
8,313Old Forge, PA
5%
5,151Olyphant, PA
5%
7,978Oradell, NJ
5%
5,750Old Tappan, NJ
4%
6,746Orting, WA
4%

Score Distribution

Percentile by Number Answered

Percent of People with Each Score

Your Score History

You have not taken this quiz